I-less Asian countries - Statistics

General Stats
  • This quiz has been taken 65 times
  • The average score is 15 of 17
Answer Stats
Answer % Correct
Japan
96%
Oman
96%
Yemen
96%
Jordan
92%
Laos
92%
North Korea
92%
Qatar
92%
South Korea
92%
Kazakhstan
90%
Nepal
90%
Turkey
88%
Bhutan
86%
Myanmar
86%
Kyrgyzstan
84%
Bangladesh
82%
Lebanon
82%
Cyprus
62%
No matching quizzes found
Score Distribution
Percent of People with Each Score
Percentile by Number Answered
Your Score History
You have not taken this quiz